| 000 | 00550nam a2200145 a 4500 | ||
|---|---|---|---|
| 008 | 120416s1992 xx |||||||||||||| || u | ||
| 050 | _aHC 800 Str | ||
| 100 | _aKaluwa, Ben | ||
| 245 | 1 | 4 | _aThe structural adjustment in Malawi: a case of successful adjustment |
| 260 |
_a _bSAPES _c1992 |
||
| 350 | _a0.00 | ||
| 650 | 0 | _aECONOMICS | |
| 650 | _aSTRUCTURAL ADJUSTMENT (ECONOMIC POLICY)--MALAWI | ||
| 995 |
_D0.00 _FCBU-MAIN LIBRARY (Kitwe) _H1 _I3.75 _M1 _UAVAILABLE _ZMain Library Open Access Collection |
||
| 999 |
_c58653 _d58653 |
||